000 00522nam a2200181Ia 4500
005 20250508153907.0
008 008 250505s9999 xx 000 0 eng d
037 _aBooks to be hide in OPAC
040 _aFEDL
_beng
_cFEDL
041 _aeng
_2eng
084 _a378.44, LIA/O
_qFEDL
100 _aLiard Louis
_9763713
245 0 _aL'Universite de paris
260 _aParis, France
_bibrairie Renouard - H. Laurens,
_c1909
300 _a130p.
942 _cHB
_h378.44, LIA/O
999 _c1346184
_d1346184